[Event "Urumia op 2nd"]
[Site "Urumia"]
[Date "2008.08.28"]
[Round "5"]
[White "Abbasov, Farid"]
[Black "Mousavi, Davood Gilan"]
[Result "1-0"]
[WhiteElo "2552"]
[BlackElo "2117"]
[PlyCount "113"]
[EventDate "2008.08.26"]
[EventType "swiss"]
[EventRounds "10"]
[EventCountry "IRI"]
[SourceTitle "CBM 126 Extra"]
[Source "ChessBase"]
[SourceDate "2008.11.05"]
[SourceVersion "1"]
[SourceVersionDate "2008.11.05"]
[SourceQuality "1"]

1. d4 Nf6 2. c4 g6 3. Nc3 Bg7 4. e4 d6 5. Bg5 0-0 6. Qd2 c5 7. d5 a6 8. a4 Qa5 9. f3 Re8 10. Nge2 Nbd7 11. Nc1 Nf8 12. Be2 e6 13. 0-0 exd5 14. cxd5 Bd7 15. Ra3 Qc7 16. a5 c4 17. Be3 Bb5 18. b4 N8d7 19. N1a2 Ne5 20. Nxb5 axb5 21. Nc3 Qd7 22. Bd4 Rec8 23. Rb1 Nh5 24. f4 Nd3 25. Bxg7 Kxg7 26. g3 Kg8 27. Qe3 Nf6 28. Qd4 Ne8 29. Ra2 f6 30. Rd2 Ra6 31. Bxd3 cxd3 32. Qxd3 Rc4 33. Ne2 Ra8 34. Kg2 Rac8 35. Nd4 Nc7 36. f5 g5 37. Rb3 Na6 38. Rdb2 Qe8 39. Ne6 Qh5 40. h3 Rc1 41. Qe2 Qxe2+ 42. Rxe2 R1c4 43. e5 fxe5 44. Nxg5 h6 45. Ne4 Rd8 46. Kf3 Nxb4 47. Rd2 Kf8 48. g4 Ke7 49. h4 Rdc8 50. Rdb2 Nc2 51. Rxc2 Rxc2 52. Rxb5 R8c7 53. f6+ Kf8 54. g5 Rc1 55. g6 Rf1+ 56. Ke3 Re1+ 57. Kd3 1-0